000
00214nam a2200085Ia 4500
008
170620s9999 xx 000 0 und d
100
_a
Bare act
245
0
_a
Securties and Exchange Board of India
260
_b
Universal Law Pub.
260
_c
2007
999
_c
29200
_d
29200